| 000 | 00583nam a22001817a 4500 | ||
|---|---|---|---|
| 999 |
_c18937 _d18937 |
||
| 003 | AR-CdUCM | ||
| 008 | 190507b ||||| |||| 00| 0 spa d | ||
| 040 |
_aMUNICIPALIDAD PROVINCIAL DEL CUSCO _cBIBLIOTECA MUNICIPAL DEL CUSCO |
||
| 082 |
_a861 / _bD286 |
||
| 100 |
_aDebicki, Andrew P. _939867 |
||
| 245 | _aDámaso Alonso / | ||
| 260 |
_aMadrid : _bCátedra, _c1974. |
||
| 300 |
_a182 páginas ; _c23 cm. |
||
| 505 | _aContenido : La poética de Dámaso -- La formación literaria -- La poesía de Dámaso... | ||
| 650 |
_aBiografía _922 |
||
| 942 |
_2ddc _cLIBROS |
||
| 945 | _arcc | ||